00850 a2200217 4500003000500000005001700005008004100022020001500063040000600078082001200084100001800096245014800114250001100262260003900273300001000312500000800322505022500330538002900555600002200584650002600606NUST20171123104018.0171123b xxu||||| |||| 00| 0 eng d a9694073388 c0 a954 BAS aBasham, A. L. aThe wonder that was India:b a survey of the history and culture of the Indian sub-continent before the coming of the Muslimsc A. L. Basham. a3rd ed apakistanbRoyal Book Companyc2004 a572p. aP.B aIntroduction (page-1) Prehistory (page-10) History (page-45) The State (page-80) Society (page-138) Everyday Life (page-191) Religion (Page-234) The Arts (page-348) Language and Literature 9Page-388) Epilogue (Page-481)  aAlmirah No.60 Shelf No.1 aby] A. L. Basham. aWonder that was india